[Event "Llinars del Valles op-B 13th"]
[Site "Llinars del Valles"]
[Date "2019.06.08"]
[Round "7"]
[White "Vilagines Segura, Carles"]
[Black "Franco Solanas, Juan Antonio"]
[Result "1-0"]
[WhiteElo "1449"]
[BlackElo "1622"]
[PlyCount "55"]
[EventDate "2019.03.30"]
[EventType "swiss"]
[EventRounds "8"]
[EventCountry "ESP"]
[SourceTitle "EXT 2021"]
[Source "ChessBase"]
[SourceDate "2020.10.23"]
[SourceVersion "1"]
[SourceVersionDate "2020.10.23"]
[SourceQuality "1"]

1. e4 d6 2. Nc3 Nf6 3. f4 e5 4. Bc4 c6 5. fxe5 dxe5 6. Nf3 Bg4 7. Bxf7+ Kxf7 8. Nxe5+ Kg8 9. Nxg4 h5 10. Ne5 Qd4 11. Nf3 Qb6 12. Qe2 Nbd7 13. Qc4+ Kh7 14. Ng5+ Kg6 15. d4 c5 16. e5 Qa6 17. Nb5 Qc6 18. Qd3+ Ne4 19. Nxe4 c4 20. Qg3+ Kh7 21. Ng5+ Kg8 22. Qf4 Bb4+ 23. Nc3 Rf8 24. Qe4 Qb5 25. Bd2 Bxc3 26. Bxc3 Rh6 27. a4 Nf6 28. axb5 1-0

[Event "Santa Eugenia op 13th"]
[Site "Santa Eugenia"]
[Date "2018.07.30"]
[Round "2"]
[White "Franco Solanas, Juan Antonio"]
[Black "Muratet Casadevall, Elias"]
[Result "1-0"]
[WhiteElo "1571"]
[BlackElo "1773"]
[PlyCount "75"]
[EventDate "2018.07.30"]
[EventType "swiss"]
[EventRounds "9"]
[EventCountry "ESP"]
[SourceTitle "CBM 185 Extra"]
[Source "ChessBase"]
[SourceDate "2018.07.29"]
[SourceVersion "1"]
[SourceVersionDate "2018.07.29"]
[SourceQuality "1"]

1. d4 Nf6 2. Nf3 d6 3. c4 g6 4. Nc3 Bg7 5. g3 0-0 6. Bg2 c6 7. 0-0 Nbd7 8. e4 Rb8 9. a4 a6 10. Bf4 b5 11. axb5 cxb5 12. c5 Nh5 13. Qd2 Nxf4 14. Qxf4 e5 15. dxe5 dxc5 16. Rfd1 Qe8 17. Bh3 Nxe5 18. Bxc8 Nxf3+ 19. Qxf3 Rxc8 20. Rxa6 b4 21. Nd5 Bxb2 22. Ra7 Kh8 23. Re1 f5 24. Re2 Bd4 25. Re7 Qa4 26. Rd2 Qa3 27. Qf4 fxe4 28. Qh6 Qc1+ 29. Kg2 Rxf2+ 30. Kh3 Qf1+ 31. Kg4 Rf7 32. Nf4 Kg8 33. Rxf7 Kxf7 34. Qxh7+ Ke8 35. Qxg6+ Kd7 36. Qe6+ Kc7 37. Nd5+ Kb7 38. Qb6+ 1-0